Les clés de Saint Pierre

Salvato in:
Dettagli Bibliografici
Autore principale: Peryfitte, Roger
Natura: Libro
Lingua:Undetermined
Pubblicazione: París, Francia Flammarion 1955
Soggetti:
Tags: Aggiungi Tag
Nessun Tag, puoi essere il primo ad aggiungerne!!

MARC

LEADER 00000nam a2200000Ia 4500
008 170316s9999 xx 000 0 und d
040 |a cru BVZT 
090 |a 840 P-11c 
100 |a Peryfitte, Roger 
245 |a Les clés de Saint Pierre 
260 |a París, Francia  |b Flammarion  |c 1955 
300 |a 436 páginas 
650 |a LITERATURA FRANCESA 
999 |c 7872  |d 7872 
942 |c 15 D  |h 840 P-11c  |2 z